Orientación profesional para la elección de una carrera, arte u oficio en relación con las facultades del niño (Record no. 179657)

MARC details
000 -LEADER
campo de control de longitud fija 00950nam a22002171i 4500
001 - NÚMERO DE CONTROL
campo de control 179657
003 - IDENTIFICADOR DE NÚMERO DE CONTROL
campo de control ES-MaACL
005 - FECHA Y HORA DE LA ÚLTIMA TRANSACCIÓN
campo de control 20250730024620.0
008 - DATOS DE LONGITUD FIJA--INFORMACIÓN GENERAL
campo de control de longitud fija 111229s1929 sp |||| | spa d
100 1# - ENTRADA PRINCIPAL--NOMBRE DE PERSONA
Nombre de persona Villegas, Luis R.
9 (RLIN) 115208
245 10 - MENCIÓN DEL TÍTULO
Título Orientación profesional para la elección de una carrera, arte u oficio en relación con las facultades del niño
Resto del título : consejos e instrucciones a los padres y maestros encaminados a estos fines / por Luis R. Villegas.
260 ## - PUBLICACIÓN, DISTRIBUCIÓN, ETC.
Lugar de publicación, distribución, etc. Madrid :
Nombre del editor, distribuidor, etc. Sociedad Española de Higiene,
Fecha de publicación, distribución, etc. 1929.
300 ## - DESCRIPCIÓN FÍSICA
Extensión 49 p. ;
Dimensiones 22 cm.
490 1# - MENCIÓN DE SERIE
Mención de serie Legado Roel: Colección de Memorias Premiadas ;
Designación de volumen o secuencia 38
500 ## - NOTA GENERAL
Nota general Concurso de 1927-1928.
650 04 - PUNTO DE ACCESO ADICIONAL DE MATERIA--TÉRMINO DE MATERIA
Término de materia o nombre geográfico como elemento de entrada Orientación profesional.
9 (RLIN) 15770
710 2# - ENTRADA AGREGADA--NOMBRE DE ENTIDAD CORPORATIVA
Nombre de entidad corporativa o nombre de jurisdicción como elemento de entrada Sociedad Española de Higiene.
9 (RLIN) 6725
830 00 - PUNTO DE ACCESO ADICIONAL DE SERIE-TÍTULO UNIFORME
Título uniforme Legado Roel: Colección de memorias premiadas
Designación de volumen o secuencia 38
9 (RLIN) 183286
852 ## - LOCALIZACIÓN
Ubicación ES-MaACL
Número de control de estantería C-8172(11)
Nota libre .- Encuadernado con otras obras
Holdings
Estatus retirado Estado de pérdida Estado de daño No para préstamo Biblioteca de origen Biblioteca actual Ubicación en estantería Fecha de adquisición Fuente de adquisición Total de préstamos Signatura topográfica completa Código de barras Visto por última vez Precio de reemplazo Tipo de ítem Koha
        Biblioteca del Ateneo de Madrid Biblioteca del Ateneo de Madrid Sala Palomar 29/12/2011     C-8172(11) 1188737 23/02/2023 23/02/2023 Libro impreso